[Event "Wch U16 Girls"]
[Site "Maribor"]
[Date "2012.11.12"]
[Round "5.36"]
[White "Dall Orsoletta, Alaize"]
[Black "Koloditsova, Renata"]
[Result "1-0"]
[WhiteElo "1765"]
[BlackElo "1881"]
[PlyCount "105"]
[EventDate "2012.11.08"]
[EventType "swiss"]
[EventRounds "11"]
[EventCountry "SLO"]
[SourceTitle "EXT 2013"]
[Source "ChessBase"]
[SourceDate "2012.11.22"]
[SourceVersion "1"]
[SourceVersionDate "2012.11.22"]
[SourceQuality "1"]

1. e4 e5 2. Nf3 Nf6 3. Nxe5 d6 4. Nf3 Nxe4 5. Nc3 Nxc3 6. dxc3 Be7 7. Be3 Nc6 8. Qd2 Be6 9. 0-0-0 Qd7 10. Kb1 Bf6 11. Ng5 0-0-0 12. Nxe6 fxe6 13. g3 Ne5 14. f4 Nc6 15. Bh3 Kb8 16. Rhe1 Rde8 17. Qe2 Qf7 18. Qc4 Nd8 19. Qa4 a6 20. Bf1 d5 21. c4 d4 22. Bxd4 Bxd4 23. Rxd4 Nc6 24. Rde4 Qh5 25. h3 Qc5 26. Qb3 Rd8 27. Qe3 Qxe3 28. R4xe3 e5 29. fxe5 Rhe8 30. Bd3 g6 31. a3 Re6 32. b4 Rde8 33. c5 Rxe5 34. Rxe5 Rxe5 35. Rxe5 Nxe5 36. Kb2 Kc8 37. Kc3 Kd7 38. Be4 c6 39. Kd4 Nf7 40. Bf3 Nh6 41. Ke5 Ke7 42. Bg4 Nf7+ 43. Kf4 Kf6 44. Bc8 Nd8 45. h4 h6 46. g4 g5+ 47. hxg5+ hxg5+ 48. Ke4 a5 49. c4 Nf7 50. Bxb7 Ne5 51. b5 Nxc4 52. bxc6 Nxa3 53. c7 1-0

[Event "Wch U16 Girls"]
[Site "Maribor"]
[Date "2012.11.10"]
[Round "3.30"]
[White "Assaubayeva, Diana"]
[Black "Dall Orsoletta, Alaize"]
[Result "1-0"]
[WhiteElo "1966"]
[BlackElo "1765"]
[PlyCount "91"]
[EventDate "2012.11.08"]
[EventType "swiss"]
[EventRounds "11"]
[EventCountry "SLO"]
[SourceTitle "EXT 2013"]
[Source "ChessBase"]
[SourceDate "2012.11.22"]
[SourceVersion "1"]
[SourceVersionDate "2012.11.22"]
[SourceQuality "1"]

1. c4 Nf6 2. Nc3 g6 3. g3 Bg7 4. Bg2 0-0 5. e4 d6 6. Nge2 Nc6 7. 0-0 e5 8. d3 Nh5 9. f4 exf4 10. gxf4 f5 11. Be3 Be6 12. b3 Nf6 13. h3 fxe4 14. dxe4 Nh5 15. Qc1 Qd7 16. Kh2 a6 17. Rb1 b5 18. Nd5 b4 19. Qd2 a5 20. Rbc1 Rae8 21. c5 Nb8 22. cxd6 cxd6 23. Rc7 Qd8 24. Bb6 Qh4 25. Bxa5 Bg4 26. Bb6 Bxe2 27. Bf2 Qd8 28. Qxe2 Nxf4 29. Qc4 Nxd5 30. Qxd5+ Kh8 31. Qb7 Be5+ 32. Kh1 h5 33. Bg3 Qg5 34. Bxe5+ Qxe5 35. Rh7+ Kg8 36. Rhf7 Nc6 37. Rxf8+ Rxf8 38. Qxc6 Qc3 39. Qd5+ Kg7 40. Rxf8 Kxf8 41. Qxd6+ Kg7 42. Qe7+ Kh6 43. Qf8+ Kh7 44. Qf2 Qa1+ 45. Bf1 Qb1 46. Qe2 1-0

[Event "Pan American-ch U20 Girls"]
[Site "Sao Paulo"]
[Date "2012.07.03"]
[Round "8"]
[White "Dall Orsoletta, Alaize"]
[Black "Guimaraes, Artemis Pamela"]
[Result "0-1"]
[WhiteElo "1757"]
[BlackElo "2014"]
[PlyCount "158"]
[EventDate "2012.06.29"]
[EventType "swiss"]
[EventRounds "9"]
[EventCountry "BRA"]
[SourceTitle "CBM 149 Extra"]
[Source "ChessBase"]
[SourceDate "2012.08.24"]
[SourceVersion "1"]
[SourceVersionDate "2012.08.24"]
[SourceQuality "1"]

1. e4 e5 2. Nf3 Nc6 3. Bb5 a6 4. Ba4 Nf6 5. 0-0 Be7 6. Re1 b5 7. Bb3 d6 8. c3 0-0 9. h3 Na5 10. Bc2 c5 11. d4 Nd7 12. Nbd2 exd4 13. cxd4 Nc6 14. Nf1 Bf6 15. Bf4 Nxd4 16. Bxd6 Nxc2 17. Qxc2 Be7 18. Rad1 Bxd6 19. Rxd6 Qe7 20. Red1 c4 21. Ng3 Nc5 22. R6d2 Bb7 23. Re2 Nd3 24. Ne1 Nf4 25. Re3 Rad8 26. Rxd8 Rxd8 27. Ne2 Qd6 28. Nxf4 Qxf4 29. Nf3 h6 30. a4 Qd6 31. axb5 axb5 32. g3 Qd1+ 33. Qxd1 Rxd1+ 34. Kg2 b4 35. g4 f6 36. Kg3 Rb1 37. Re2 Ba6 38. Rd2 c3 39. bxc3 bxc3 40. Rc2 Rb3 41. Nd4 Rb4 42. Nf5 Rb3 43. Ne3 Bd3 44. Rc1 Bxe4 45. Kf4 Bd3 46. h4 c2 47. Nxc2 Rc3 48. Ne1 Rxc1 49. Nxd3 Rc4+ 50. Kf3 h5 51. gxh5 Rxh4 52. Nf4 Rh1 53. Kg2 Ra1 54. Kg3 Rg1+ 55. Kh3 f5 56. f3 Kf7 57. Kh2 Rg5 58. Kh3 Rg1 59. Kh2 Ra1 60. Kh3 Kf6 61. Kg2 Ra5 62. Kh3 Kg5 63. Ne6+ Kxh5 64. Nxg7+ Kg6 65. Ne6 Ra4 66. Nc5 Rc4 67. Nd3 Rd4 68. Nf2 Kg5 69. Kg3 f4+ 70. Kg2 Ra4 71. Ne4+ Kh4 72. Nc3 Rc4 73. Ne2 Rc2 74. Kf2 Kh3 75. Kf1 Rxe2 76. Kxe2 Kg2 77. Ke1 Kxf3 78. Kf1 Ke3 79. Ke1 f3 0-1